| 000 | 00000nam##2200000za#4500 |
| 001 | 9.601341 |
| 003 | CaOODSP |
| 005 | 20210624210028 |
| 007 | cr ||||||||||| |
| 008 | 150406|2006||||xxc|||||o f|0| 0 fre|d |
| 022 | |a1919-5117 |
| 040 | |aCaOODSP|bfre |
| 043 | |an-cn--- |
| 086 | 1 |aFs70-6/2006-034F-PDF |
| 110 | 1 |aCanada. |bMinistère des pêches et des océans. |bRégion du Québec. |
| 245 | 10|aÉvaluation de la lompe du golfe du Saint-Laurent (3Pn, 4RST) en 2005 |h[ressource électronique] |
| 260 | |aMont-Joli - Québec : |bPêches et Océans Canada. |cAoût 2006. |
| 300 | |a11p.|bcartes en couleur, graphiques, ill., références, tableaux |
| 490 | 1 |aSecrétariat canadien de consultation scientifique, avis scientifique |x1919-5117|v2006/034, Région du Québec |
| 590 | |a11-15-Supp|b2011-08-22 |
| 775 | 08|tAssessment of the lumpfish in the Gulf of St. Lawrence (3Pn, 4RST) in 2005 |w(CaOODSP)9.570693 |
| 830 | #0|aAvis scientifique (Secrétariat canadien de consultation scientifique)|x1919-5117|v2006/034, Région du Québec|w(CaOODSP)9.502624 |
| 856 | 40|ahttp://publications.gc.ca|qPDF|s305 Ko|uhttps://publications.gc.ca/collections/collection_2011/mpo-dfo/Fs70-6-2006-034-fra.pdf|y2006/034, Région du Québec |